[Event "Hastings Masters 2024/25 98th"]
[Site "Hastings"]
[Date "2024.12.31"]
[Round "5.45"]
[White "Wheeler, James M"]
[Black "Wilson, Matthew R"]
[Result "1-0"]
[WhiteElo "1863"]
[BlackElo "1766"]
[PlyCount "104"]
[EventDate "2024.12.28"]
[EventType "swiss"]
[EventRounds "9"]
[EventCountry "ENG"]
[SourceTitle "BritBase"]
[Source "John Saunders"]
[SourceDate "2025.01.10"]
[SourceVersion "1"]
[SourceVersionDate "2025.01.10"]
[SourceQuality "1"]

1. e4 e5 2. Nc3 Nf6 3. Nf3 Nc6 4. g3 d5 5. exd5 Nxd5 6. Bg2 Nxc3 7. bxc3 Bd6 8. O-O O-O 9. d3 Bd7 10. Re1 Qf6 11. Ng5 Qg6 12. Ne4 f5 13. Nxd6 cxd6 14. f4 Rae8 15. Be3 b6 16. c4 Na5 17. Qd2 Bc6 18. Rab1 Bxg2 19. Qxg2 Qf7 20. Bd2 Nb7 21. fxe5 dxe5 22. Bb4 Nc5 23. Bxc5 bxc5 24. Rb7 Re7 25. Rxe7 Qxe7 26. Qd5+ Kh8 27. Qxe5 Qf7 28. Qe7 Qxe7 29. Rxe7 Kg8 30. Rxa7 Rb8 31. Rc7 Rb1+ 32. Kg2 Rb2 33. Rxc5 Rxc2+ 34. Kh3 Rf2 35. a4 g5 36. g4 Rf3+ 37. Kg2 Rxd3 38. Rxf5 h6 39. Rd5 Rc3 40. Rc5 Kf7 41. a5 Ke7 42. Rc6 Rc2+ 43. Kf3 Rxh2 44. Ke4 Rg2 45. Rxh6 Rxg4+ 46. Kd5 Rg1 47. a6 Rd1+ 48. Kc6 Ra1 49. Kb7 Rb1+ 50. Rb6 Rd1 51. a7 Rd7+ 52. Ka6 Ke8 1-0

[Event "Hastings Masters 2024/25 98th"]
[Site "Hastings"]
[Date "2024.12.31"]
[Round "6.4"]
[White "Siva Mahadevan"]
[Black "Royal, Shreyas"]
[Result "0-1"]
[WhiteElo "2349"]
[BlackElo "2522"]
[PlyCount "70"]
[EventDate "2024.12.28"]
[EventType "swiss"]
[EventRounds "9"]
[EventCountry "ENG"]
[SourceTitle "BritBase"]
[Source "John Saunders"]
[SourceDate "2025.01.10"]
[SourceVersion "1"]
[SourceVersionDate "2025.01.10"]
[SourceQuality "1"]

1. e4 c6 2. d4 d5 3. e5 Bf5 4. Nf3 e6 5. Be2 a5 6. a4 Nd7 7. O-O h6 8. Nbd2 Ne7 9. Nb3 Bg4 10. Bd2 Nf5 11. Qe1 b6 12. Rc1 Be7 13. c4 O-O 14. h3 Bxf3 15. Bxf3 f6 16. exf6 Rxf6 17. cxd5 cxd5 18. Rc6 Bd6 19. Qe2 Qf8 20. Bg4 Re8 21. Re1 Kh8 22. Qd3 Bb8 23. Re2 Nd6 24. Be1 Qf7 25. h4 Rf4 26. f3 e5 27. Bxd7 Qxd7 28. Rxb6 e4 29. fxe4 dxe4 30. Qa6 Nf5 31. Qb5 Nxd4 32. Nxd4 Qxd4+ 33. Rf2 Rxf2 34. Rxh6+ Kg8 35. Bc3 Qd1+ 0-1

[Event "Hastings Masters 2024/25 98th"]
[Site "Hastings"]
[Date "2024.12.31"]
[Round "6.6"]
[White "Seo, Jung Min"]
[Black "Steiners, Emils"]
[Result "1-0"]
[WhiteElo "2491"]
[BlackElo "2193"]
[PlyCount "69"]
[EventDate "2024.12.28"]
[EventType "swiss"]
[EventRounds "9"]
[EventCountry "ENG"]
[SourceTitle "BritBase"]
[Source "John Saunders"]
[SourceDate "2025.01.10"]
[SourceVersion "1"]
[SourceVersionDate "2025.01.10"]
[SourceQuality "1"]

1. d4 d5 2. c4 e6 3. Nc3 Nf6 4. cxd5 exd5 5. Bg5 Nbd7 6. e3 c6 7. Bd3 Be7 8. Qc2 O-O 9. Nf3 Re8 10. O-O Nf8 11. Rab1 a5 12. a3 Be6 13. b4 axb4 14. axb4 h6 15. Bh4 N8d7 16. Rfc1 Rc8 17. Na4 Bg4 18. Nc5 Bxf3 19. gxf3 b6 20. Nxd7 Nxd7 21. Bg3 b5 22. Bf5 h5 23. Rb3 h4 24. Bf4 Bf8 25. Rc3 g5 26. Be5 Nxe5 27. dxe5 Rc7 28. f4 gxf4 29. exf4 Bh6 30. Kh1 Kh8 31. Qe2 Bg7 32. Rg1 f6 33. Qh5+ Kg8 34. exf6 d4 35. Qh7+ 1-0

[Event "Hastings Masters 2024/25 98th"]
[Site "Hastings"]
[Date "2024.12.31"]
[Round "6.8"]
[White "Samarasinghe Jude, Ranga"]
[Black "Gormally, Daniel W"]
[Result "1/2-1/2"]
[WhiteElo "1944"]
[BlackElo "2424"]
[PlyCount "76"]
[EventDate "2024.12.28"]
[EventType "swiss"]
[EventRounds "9"]
[EventCountry "ENG"]
[SourceTitle "BritBase"]
[Source "John Saunders"]
[SourceDate "2025.01.10"]
[SourceVersion "1"]
[SourceVersionDate "2025.01.10"]
[SourceQuality "1"]

1. e4 c5 2. Nf3 d6 3. d4 cxd4 4. Nxd4 Nf6 5. Nc3 a6 6. Bc4 e6 7. Bb3 b5 8. f3 Nbd7 9. g4 Nc5 10. Bg5 Bb7 11. h4 h6 12. Be3 e5 13. Nf5 Nxb3 14. axb3 g6 15. Nxh6 d5 16. exd5 b4 17. Ne4 Nxe4 18. Nxf7 Rxh4 19. Rf1 Kxf7 20. fxe4+ Kg8 21. Qf3 Qd7 22. Bg5 Rxg4 23. Qe3 Rc8 24. O-O-O Rg2 25. Rd2 Bc5 26. Rxg2 Bxe3+ 27. Bxe3 Kg7 28. Bg5 Rf8 29. Bh6+ Kxh6 30. Rxf8 Qe7 31. Rh8+ Kg7 32. Rgh2 Qc5 33. R2h7+ Kf6 34. Rxb7 Qg1+ 35. Kd2 Qd4+ 36. Kc1 Qg1+ 37. Kd2 Qf2+ 38. Kd1 Qf1+ 1/2-1/2

[Event "Hastings Masters 2024/25 98th"]
[Site "Hastings"]
[Date "2024.12.31"]
[Round "6.9"]
[White "Balaji, Aaravamudhan"]
[Black "Gu In-Jung"]
[Result "1-0"]
[WhiteElo "2364"]
[BlackElo "1987"]
[PlyCount "65"]
[EventDate "2024.12.28"]
[EventType "swiss"]
[EventRounds "9"]
[EventCountry "ENG"]
[SourceTitle "BritBase"]
[Source "John Saunders"]
[SourceDate "2025.01.10"]
[SourceVersion "1"]
[SourceVersionDate "2025.01.10"]
[SourceQuality "1"]

1. d4 d5 2. c4 e6 3. Nc3 Nf6 4. cxd5 exd5 5. Bg5 Be7 6. e3 h6 7. Bh4 Bg4 8. Qc2 O-O 9. h3 Be6 10. Bd3 Nbd7 11. Nge2 Ne8 12. Bxe7 Qxe7 13. O-O Nd6 14. Nf4 c6 15. Rae1 Qf6 16. f3 Rfe8 17. Qf2 Nf8 18. g4 g6 19. Kg2 b5 20. Nce2 Bd7 21. Ng3 Ne6 22. Nxe6 Qxe6 23. e4 h5 24. e5 Nc8 25. f4 h4 26. Nh1 Qe7 27. f5 g5 28. e6 fxe6 29. f6 Qf7 30. Qd2 Kf8 31. Qxg5 Qg8 32. Qh6+ Kf7 33. Qh5+ 1-0

[Event "Hastings Masters 2024/25 98th"]
[Site "Hastings"]
[Date "2024.12.31"]
[Round "6.10"]
[White "Bilandzic, Ante"]
[Black "Waldhausen Gordon, Frederick"]
[Result "0-1"]
[WhiteElo "1912"]
[BlackElo "2355"]
[PlyCount "92"]
[EventDate "2024.12.28"]
[EventType "swiss"]
[EventRounds "9"]
[EventCountry "ENG"]
[SourceTitle "BritBase"]
[Source "John Saunders"]
[SourceDate "2025.01.10"]
[SourceVersion "1"]
[SourceVersionDate "2025.01.10"]
[SourceQuality "1"]

1. d4 Nf6 2. Nf3 g6 3. Bf4 Bg7 4. e3 d6 5. h3 O-O 6. Nbd2 Nbd7 7. Be2 b6 8. O-O Bb7 9. c3 Re8 10. Bh2 e5 11. Rc1 Qe7 12. Qc2 Rac8 13. Rfd1 e4 14. Ne1 d5 15. b4 a6 16. Qb3 b5 17. a4 c6 18. a5 h6 19. Qb2 Nh7 20. Nb3 f5 21. Nc5 Nxc5 22. dxc5 Ng5 23. Nc2 Ne6 24. Nd4 Nxd4 25. cxd4 Rcd8 26. Kh1 Kh7 27. Rg1 Bc8 28. g4 Qh4 29. Rg3 Rf8 30. gxf5 Bxf5 31. Bg4 Bxg4 32. hxg4 Rf3 33. Rxf3 exf3 34. Rg1 Re8 35. Rg3 Re4 36. Rxf3 Qxg4 37. Rf4 Bxd4 38. Qxd4 Rxd4 39. Rxd4 Qf3+ 40. Kg1 g5 41. e4 dxe4 42. Rd7+ Kg6 43. Rd6+ Kh5 44. Be5 e3 45. Bg7 Qxf2+ 46. Kh1 e2 0-1

[Event "Hastings Masters 2024/25 98th"]
[Site "Hastings"]
[Date "2024.12.31"]
[Round "6.11"]
[White "Briem, Benedikt"]
[Black "Boyer, Mahel"]
[Result "1-0"]
[WhiteElo "2132"]
[BlackElo "2526"]
[PlyCount "73"]
[EventDate "2024.12.28"]
[EventType "swiss"]
[EventRounds "9"]
[EventCountry "ENG"]
[SourceTitle "BritBase"]
[Source "John Saunders"]
[SourceDate "2025.01.10"]
[SourceVersion "1"]
[SourceVersionDate "2025.01.10"]
[SourceQuality "1"]

1. d4 g6 2. c4 Bg7 3. Nf3 d6 4. e4 e5 5. Be2 exd4 6. Nxd4 Nc6 7. Be3 Nge7 8. Nc3 O-O 9. Qd2 f5 10. exf5 Nxf5 11. Nxf5 Bxf5 12. Nd5 Qd7 13. O-O Rae8 14. Rad1 Nd8 15. Nf4 Nf7 16. c5 b6 17. b4 bxc5 18. bxc5 Rb8 19. Bc4 Rb2 20. Qa5 Kh8 21. Qxa7 Ne5 22. Bb3 Be4 23. Be6 Qd8 24. Bd5 Bxd5 25. Nxd5 Qh4 26. h3 c6 27. Nc7 Nf3+ 28. Kh1 Qe4 29. cxd6 Nh4 30. Rg1 Rf3 31. Qa8+ Bf8 32. Qc8 Rfxf2 33. Bxf2 Rxf2 34. Qg4 Rf4 35. Qe6 Qb4 36. d7 Be7 37. Qxe7 1-0

[Event "Hastings Masters 2024/25 98th"]
[Site "Hastings"]
[Date "2024.12.31"]
[Round "6.12"]
[White "Gasanov, Eldar"]
[Black "Wall, Tim P"]
[Result "1/2-1/2"]
[WhiteElo "2476"]
[BlackElo "2173"]
[PlyCount "57"]
[EventDate "2024.12.28"]
[EventType "swiss"]
[EventRounds "9"]
[EventCountry "ENG"]
[SourceTitle "BritBase"]
[Source "John Saunders"]
[SourceDate "2025.01.10"]
[SourceVersion "1"]
[SourceVersionDate "2025.01.10"]
[SourceQuality "1"]

1. d4 Nf6 2. c4 c5 3. d5 b5 4. Nf3 e6 5. dxe6 fxe6 6. cxb5 d5 7. Nc3 Nbd7 8. g3 Bd6 9. Bg2 Bb7 10. O-O O-O 11. Ng5 Qe7 12. b3 h6 13. Nh3 Rad8 14. a4 Qf7 15. a5 Be5 16. Bb2 Ng4 17. e3 Ndf6 18. Na4 Bxb2 19. Nxb2 e5 20. Nd3 Qe7 21. Qc2 Rc8 22. Rac1 c4 23. bxc4 dxc4 24. Ne1 Bxg2 25. Nxg2 e4 26. f3 exf3 27. Rxf3 Ne5 28. Rff1 Qb7 29. Qa4 1/2-1/2

[Event "Hastings Masters 2024/25 98th"]
[Site "Hastings"]
[Date "2024.12.31"]
[Round "6.13"]
[White "White, Stuart A"]
[Black "Grutter, Tim"]
[Result "0-1"]
[WhiteElo "2017"]
[BlackElo "2379"]
[PlyCount "60"]
[EventDate "2024.12.28"]
[EventType "swiss"]
[EventRounds "9"]
[EventCountry "ENG"]
[SourceTitle "BritBase"]
[Source "John Saunders"]
[SourceDate "2025.01.10"]
[SourceVersion "1"]
[SourceVersionDate "2025.01.10"]
[SourceQuality "1"]

1. c4 Nf6 2. g3 g6 3. Bg2 Bg7 4. Nc3 O-O 5. d4 d6 6. h3 e5 7. Nf3 Nc6 8. Be3 Nd7 9. O-O h6 10. Qd2 Kh7 11. Rfd1 f5 12. Rac1 e4 13. Ne1 Nf6 14. f4 exf3 15. Bxf3 f4 16. Bxf4 Bxh3 17. Nc2 Qd7 18. Ne4 Rae8 19. Nf2 Bf5 20. d5 Ne5 21. Nd4 Nxf3+ 22. exf3 Nh5 23. Ne2 g5 24. g4 Rxe2 25. Qxe2 Nxf4 26. Qe3 Re8 27. Ne4 Bxe4 28. fxe4 Qxg4+ 29. Kf1 Qg2+ 30. Ke1 Rxe4 0-1

[Event "Hastings Masters 2024/25 98th"]
[Site "Hastings"]
[Date "2024.12.31"]
[Round "6.14"]
[White "Malinovskii, Ilia"]
[Black "Roux, Baptiste"]
[Result "1/2-1/2"]
[WhiteElo "2003"]
[BlackElo "2338"]
[PlyCount "223"]
[EventDate "2024.12.28"]
[EventType "swiss"]
[EventRounds "9"]
[EventCountry "ENG"]
[SourceTitle "BritBase"]
[Source "John Saunders"]
[SourceDate "2025.01.10"]
[SourceVersion "1"]
[SourceVersionDate "2025.01.10"]
[SourceQuality "1"]

1. e4 c5 2. c3 Nf6 3. e5 Nd5 4. Nf3 e6 5. d4 cxd4 6. cxd4 b6 7. Nc3 Nxc3 8. bxc3 Qc7 9. Bd2 d6 10. Bd3 Nd7 11. O-O Be7 12. Qe2 Bb7 13. Bf4 O-O 14. Rfc1 dxe5 15. Nxe5 Bd6 16. Nxd7 Qxd7 17. Bxd6 Qxd6 18. f3 Rac8 19. Be4 Bd5 20. a4 Rc7 21. a5 Bc4 22. Bd3 b5 23. Bxc4 Rxc4 24. a6 Rfc8 25. Rd1 Qb6 26. Kh1 Rxc3 27. d5 Rc2 28. Qd3 Qf2 29. Rg1 exd5 30. Qxd5 Qb6 31. Qb7 Rb8 32. Qe4 Rc4 33. Qd5 Rc5 34. Qe4 b4 35. Rge1 g6 36. Qd4 b3 37. Rab1 Rc1 38. Qb2 Rc2 39. Qe5 b2 40. h4 h5 41. Qf4 Rbc8 42. Re7 Qb3 43. Rb7 Qa2 44. Kh2 Rf8 45. Re1 Rxg2+ 46. Kh3 Rc2 47. Qf6 Rc1 48. Rxb2 Qa1 49. Rxc1 Qxc1 50. Rb7 Qd1 51. Kg3 Qg1+ 52. Kf4 Qc1+ 53. Kg3 Qc8 54. Kf4 Qc5 55. Kg3 Qc8 56. Kf4 Qc4+ 57. Kg5 Kh7 58. Qxg6+ Kh8 59. Qf6+ Kh7 60. Qh6+ Kg8 61. Kxh5 Rc8 62. Qg5+ Kf8 63. Rb5 Qd4 64. Re5 Rc6 65. Qe7+ Kg8 66. Rg5+ Rg6 67. Qe8+ Kg7 68. Rxg6+ fxg6+ 69. Qxg6+ Kh8 70. Qe8+ Kg7 71. Qe7+ Kh8 72. Qb7 Qc5+ 73. Kg6 Qd6+ 74. Kf7 Qf4+ 75. Ke6 Qh6+ 76. Kd7 Qg7+ 77. Kc8 Qf8+ 78. Kc7 Qf4+ 79. Kd7 Qf7+ 80. Kd6 Qf6+ 81. Kc5 Qc3+ 82. Kd6 Qf6+ 83. Kd5 Qxf3+ 84. Kd4 Qf4+ 85. Kc3 Qg3+ 86. Kb2 Qe5+ 87. Ka3 Qa1+ 88. Kb4 Qd4+ 89. Kb3 Qd1+ 90. Kb2 Qd4+ 91. Kc2 Qf2+ 92. Kb3 Qf7+ 93. Ka3 Qf8+ 94. Qb4 Qf3+ 95. Qb3 Qf8+ 96. Ka2 Qc5 97. Qb2+ Kh7 98. Qf6 Qc4+ 99. Ka3 Qc5+ 100. Kb3 Qe3+ 101. Kc4 Qe2+ 102. Kc5 Qe3+ 103. Kd5 Qd3+ 104. Ke5 Qc3+ 105. Kf5 Qd3+ 106. Kg4 Qe2+ 107. Kg5 Qg2+ 108. Kf4 Qf2+ 109. Ke5 Qe2+ 110. Kf5 Qd3+ 111. Kg5 Qe3+ 112. Kf5 1/2-1/2

[Event "Hastings Masters 2024/25 98th"]
[Site "Hastings"]
[Date "2024.12.31"]
[Round "6.15"]
[White "Struck, Lasse"]
[Black "Lux, Hugo de Melo"]
[Result "0-1"]
[WhiteElo "1983"]
[BlackElo "2327"]
[PlyCount "60"]
[EventDate "2024.12.28"]
[EventType "swiss"]
[EventRounds "9"]
[EventCountry "ENG"]
[SourceTitle "BritBase"]
[Source "John Saunders"]
[SourceDate "2025.01.10"]
[SourceVersion "1"]
[SourceVersionDate "2025.01.10"]
[SourceQuality "1"]

1. d4 Nf6 2. c4 e6 3. g3 c5 4. d5 d6 5. Nc3 exd5 6. cxd5 g6 7. Bg2 Bg7 8. Nf3 O-O 9. O-O Re8 10. Bf4 Ne4 11. Nxe4 Rxe4 12. Nd2 Rxf4 13. gxf4 Bxb2 14. Rb1 Bg7 15. Nc4 Na6 16. e4 Rb8 17. Qd2 b5 18. Na5 Bh6 19. Nc6 Qh4 20. Qc3 Bxf4 21. h3 Rb7 22. Rfd1 Nb8 23. e5 b4 24. Qf3 Bf5 25. e6 fxe6 26. dxe6 Nxc6 27. Qxc6 Re7 28. Rb3 Bxe6 29. Rf3 Bxa2 30. Rxd6 Re1+ 0-1

[Event "Hastings Masters 2024/25 98th"]
[Site "Hastings"]
[Date "2024.12.31"]
[Round "6.18"]
[White "Badacsonyi, Frankie"]
[Black "Kolka, David"]
[Result "0-1"]
[WhiteElo "2218"]
[BlackElo "2020"]
[PlyCount "74"]
[EventDate "2024.12.28"]
[EventType "swiss"]
[EventRounds "9"]
[EventCountry "ENG"]
[SourceTitle "BritBase"]
[Source "John Saunders"]
[SourceDate "2025.01.10"]
[SourceVersion "1"]
[SourceVersionDate "2025.01.10"]
[SourceQuality "1"]

1. d4 d5 2. c4 e6 3. Nf3 a6 4. Bg5 Be7 5. Bxe7 Nxe7 6. Nbd2 dxc4 7. Nxc4 b5 8. Ncd2 Bb7 9. e3 Nd7 10. Nb3 Rc8 11. Rc1 Bd5 12. Nc5 Nxc5 13. Rxc5 Nf5 14. a3 Nd6 15. b4 f6 16. Bd3 O-O 17. Qc2 f5 18. Qe2 c6 19. O-O a5 20. Ne5 Nf7 21. Nxf7 Rxf7 22. Rfc1 axb4 23. axb4 Ra8 24. f3 Ra2 25. R5c2 Rfa7 26. h3 Rxc2 27. Qxc2 Ra2 28. Qc3 Qg5 29. Bf1 Bxf3 30. Rc2 Rxc2 31. Qxc2 Qxe3+ 32. Qf2 Qxf2+ 33. Kxf2 Bd5 34. g3 Kf7 35. h4 Kf6 36. Ke3 e5 37. Be2 g6 0-1

[Event "Hastings Masters 2024/25 98th"]
[Site "Hastings"]
[Date "2024.12.31"]
[Round "6.19"]
[White "Alcindor, Samuel"]
[Black "Nielsen, Andre"]
[Result "0-1"]
[WhiteElo "1927"]
[BlackElo "2276"]
[PlyCount "106"]
[EventDate "2024.12.28"]
[EventType "swiss"]
[EventRounds "9"]
[EventCountry "ENG"]
[SourceTitle "BritBase"]
[Source "John Saunders"]
[SourceDate "2025.01.10"]
[SourceVersion "1"]
[SourceVersionDate "2025.01.10"]
[SourceQuality "1"]

1. e4 e5 2. Nf3 Nc6 3. c3 Nf6 4. d4 Nxe4 5. d5 Bc5 6. dxc6 Bxf2+ 7. Ke2 Bb6 8. Be3 bxc6 9. Qd3 d5 10. Bxb6 axb6 11. Qe3 O-O 12. Nbd2 Nxd2 13. Kxd2 e4 14. Nd4 c5 15. Ne2 Bb7 16. Kc2 Qd7 17. Nf4 Kh8 18. Qg3 d4 19. Nh5 Rg8 20. b3 d3+ 21. Kd2 c4 22. bxc4 Ra5 23. Nf4 Rga8 24. Nd5 Bxd5 25. cxd5 Rxa2+ 26. Rxa2 Rxa2+ 27. Ke3 f5 28. Qe5 h6 29. g3 Ra5 30. c4 Ra2 31. Qe6 Qxe6 32. dxe6 Kg8 33. Kd4 Kf8 34. Bh3 Ra5 35. Rf1 g6 36. g4 d2 37. gxf5 gxf5 38. Bxf5 d1=Q+ 39. Rxd1 Rxf5 40. Kxe4 Rc5 41. Kd4 Ke7 42. Re1 Rg5 43. h3 c5+ 44. Ke4 Kf6 45. Rb1 Re5+ 46. Kf4 Rxe6 47. Rb2 Rd6 48. Rb1 Rd4+ 49. Kf3 Rd6 50. Kf4 h5 51. Rb2 Rd4+ 52. Kf3 Ke5 53. Rxb6 Rf4+ 0-1

[Event "Hastings Masters 2024/25 98th"]
[Site "Hastings"]
[Date "2024.12.31"]
[Round "6.20"]
[White "Bazakutsa, Svyatoslav"]
[Black "Verbytski, Oleg"]
[Result "1-0"]
[WhiteElo "2484"]
[BlackElo "2033"]
[PlyCount "105"]
[EventDate "2024.12.28"]
[EventType "swiss"]
[EventRounds "9"]
[EventCountry "ENG"]
[SourceTitle "BritBase"]
[Source "John Saunders"]
[SourceDate "2025.01.10"]
[SourceVersion "1"]
[SourceVersionDate "2025.01.10"]
[SourceQuality "1"]

1. b3 e6 2. Bb2 d5 3. Nf3 Nf6 4. e3 c5 5. c4 Nc6 6. cxd5 exd5 7. Be2 Be7 8. d4 cxd4 9. Nxd4 O-O 10. O-O Nxd4 11. Qxd4 Be6 12. Nc3 b6 13. Rfd1 Bc5 14. Qd3 Qe7 15. Bf3 Rfd8 16. Nb5 Rac8 17. Bxf6 gxf6 18. g3 f5 19. Rac1 a5 20. Qf1 Qf6 21. Rd3 Qe5 22. Qd1 Rd7 23. Rc2 Rcd8 24. Nd4 Rc7 25. Kg2 Rdc8 26. Nb5 Rd7 27. h4 Rcd8 28. Nd4 Rc7 29. Kh2 Rdc8 30. Nb5 Rd7 31. Bg2 Rcd8 32. Nd4 Rc7 33. a3 Bxa3 34. Nc6 Rxc6 35. Rxc6 Bc5 36. h5 d4 37. f4 Qf6 38. exd4 Rxd4 39. Bd5 Rxd3 40. Qxd3 Qa1 41. h6 Qb2+ 42. Kh3 Bg1 43. Rc2 Qd4 44. Bxe6 fxe6 45. Qb5 Qd8 46. Rc7 Qa8 47. Rb7 Qd8 48. Qe5 Bd4 49. Qxe6+ Kh8 50. Qxf5 Qg8 51. Rc7 a4 52. bxa4 b5 53. Rc8 1-0

[Event "Hastings Masters 2024/25 98th"]
[Site "Hastings"]
[Date "2024.12.31"]
[Round "6.21"]
[White "Burrows, Martin P"]
[Black "Golding, Alex"]
[Result "1/2-1/2"]
[WhiteElo "2042"]
[BlackElo "2405"]
[PlyCount "63"]
[EventDate "2024.12.28"]
[EventType "swiss"]
[EventRounds "9"]
[EventCountry "ENG"]
[SourceTitle "BritBase"]
[Source "John Saunders"]
[SourceDate "2025.01.10"]
[SourceVersion "1"]
[SourceVersionDate "2025.01.10"]
[SourceQuality "1"]

1. e4 c5 2. Nf3 d6 3. d4 cxd4 4. Nxd4 Nf6 5. Nc3 g6 6. Be3 Bg7 7. f3 a6 8. Qd2 h5 9. Bc4 b5 10. Bb3 Bb7 11. O-O-O Nbd7 12. Nd5 Rc8 13. Kb1 Ne5 14. Bg5 Bxd5 15. exd5 O-O 16. Rhe1 Re8 17. Qe2 Qb6 18. f4 Nc4 19. f5 Ng4 20. c3 Nge5 21. fxg6 fxg6 22. Ne6 Bh8 23. h3 a5 24. g4 h4 25. Bxh4 b4 26. Bf2 Qb5 27. cxb4 Qxb4 28. Bd4 a4 29. Bxc4 Nxc4 30. Qd3 Bxd4 31. Qxg6+ Kh8 32. Qh6+ 1/2-1/2

[Event "Hastings Masters 2024/25 98th"]
[Site "Hastings"]
[Date "2024.12.31"]
[Round "6.23"]
[White "Bhatia, Kanishka"]
[Black "Badacsonyi, Stanley"]
[Result "0-1"]
[WhiteElo "2018"]
[BlackElo "2266"]
[PlyCount "140"]
[EventDate "2024.12.28"]
[EventType "swiss"]
[EventRounds "9"]
[EventCountry "ENG"]
[SourceTitle "BritBase"]
[Source "John Saunders"]
[SourceDate "2025.01.10"]
[SourceVersion "1"]
[SourceVersionDate "2025.01.10"]
[SourceQuality "1"]

1. e4 e6 2. d4 d5 3. exd5 exd5 4. Bd3 Bd6 5. Nf3 Nc6 6. c3 Bg4 7. h3 Bh5 8. O-O Nge7 9. Re1 Qd7 10. a4 f6 11. b3 O-O-O 12. Ba3 g5 13. Bxd6 Qxd6 14. Qe2 Rde8 15. Qe6+ Qxe6 16. Rxe6 Bxf3 17. gxf3 Rhf8 18. Nd2 Ng6 19. Bxg6 hxg6 20. Re3 Rh8 21. Kg2 Ref8 22. Rae1 Kd7 23. c4 Rh7 24. cxd5 Ne7 25. Ne4 b6 26. Nc3 Nf5 27. Re4 Rfh8 28. Rh1 Nh4+ 29. Kg3 Nxf3 30. Re6 Nxd4 31. Rxf6 Nf5+ 32. Kg2 g4 33. h4 Nxh4+ 34. Kf1 Nf3 35. Rxh7+ Rxh7 36. Rxg6 Re7 37. Re6 Rh7 38. Rg6 a6 39. Ke2 Re7+ 40. Kd1 Ne5 41. Rf6 Nd3 42. Kc2 Nb4+ 43. Kd2 Rg7 44. Rf4 a5 45. Rf5 g3 46. fxg3 Rxg3 47. Rf7+ Kd8 48. Nb5 Nxd5 49. Kc2 Re3 50. Rh7 Kc8 51. Rg7 Rh3 52. Rf7 Rh2+ 53. Kb1 Kb7 54. Nd6+ Kc6 55. Nb5 Kc5 56. Nxc7 Nc3+ 57. Kc1 Kb4 58. Rf3 Kxb3 59. Rxc3+ Kxc3 60. Nd5+ Kb3 61. Nxb6 Rh1+ 62. Kd2 Rh6 63. Nc8 Kxa4 64. Ne7 Kb3 65. Nf5 Rb6 66. Kc1 Ka2 67. Ne3 a4 68. Kc2 Rc6+ 69. Kd2 a3 70. Nd1 Kb3 0-1

[Event "Hastings Masters 2024/25 98th"]
[Site "Hastings"]
[Date "2024.12.31"]
[Round "6.24"]
[White "Bin-Suhayl, Ieysaa"]
[Black "Zhang, Kendrick Botong"]
[Result "1-0"]
[WhiteElo "2183"]
[BlackElo "1979"]
[PlyCount "63"]
[EventDate "2024.12.28"]
[EventType "swiss"]
[EventRounds "9"]
[EventCountry "ENG"]
[SourceTitle "BritBase"]
[Source "John Saunders"]
[SourceDate "2025.01.10"]
[SourceVersion "1"]
[SourceVersionDate "2025.01.10"]
[SourceQuality "1"]

1. d4 Nf6 2. c4 g6 3. Nc3 d5 4. cxd5 Nxd5 5. e4 Nxc3 6. bxc3 Bg7 7. Nf3 c5 8. Be3 O-O 9. Be2 Nc6 10. O-O cxd4 11. cxd4 Bg4 12. d5 Ne5 13. Nxe5 Bxe2 14. Qxe2 Bxe5 15. Rab1 Qd7 16. f4 Bg7 17. Rbd1 Rfc8 18. e5 b5 19. Kh1 Rc4 20. Bg1 Rac8 21. h3 Qf5 22. d6 exd6 23. exd6 Qd7 24. Bxa7 Bf8 25. Qe5 Bxd6 26. Rxd6 Qxa7 27. f5 R4c5 28. Qd4 gxf5 29. Rd1 Qe7 30. Rd7 Qe5 31. Rd8+ Rxd8 32. Qxd8+ 1-0

[Event "Hastings Masters 2024/25 98th"]
[Site "Hastings"]
[Date "2024.12.31"]
[Round "6.32"]
[White "Vaidyanathan, Adithya"]
[Black "Golding, James"]
[Result "0-1"]
[WhiteElo "1904"]
[BlackElo "2203"]
[PlyCount "68"]
[EventDate "2024.12.28"]
[EventType "swiss"]
[EventRounds "9"]
[EventCountry "ENG"]
[SourceTitle "BritBase"]
[Source "John Saunders"]
[SourceDate "2025.01.10"]
[SourceVersion "1"]
[SourceVersionDate "2025.01.10"]
[SourceQuality "1"]

1. d4 d5 2. Nf3 Nf6 3. c4 e6 4. Nc3 Be7 5. Bg5 O-O 6. e3 Nbd7 7. cxd5 exd5 8. Bd3 c6 9. O-O Re8 10. Qc2 Nf8 11. Ne5 g6 12. f4 Ne6 13. Bh4 Ng7 14. f5 Nd7 15. fxg6 Nxe5 16. gxf7+ Nxf7 17. Bxh7+ Kh8 18. Rxf7 Bxh4 19. Qg6 Qg5 20. Raf1 Be6 21. Rxb7 Rf8 22. Rf4 Qxg6 23. Bxg6 Bg5 24. Rf3 Rxf3 25. gxf3 Bxe3+ 26. Kg2 Bxd4 27. Ne2 Be3 28. h4 d4 29. a3 Rd8 30. h5 d3 31. Nc3 d2 32. Nd1 Bb6 33. h6 Nf5 34. a4 Nh4+ 0-1

[Event "Hastings Masters 2024/25 98th"]
[Site "Hastings"]
[Date "2024.12.31"]
[Round "6.34"]
[White "Buckland, Louis"]
[Black "Bharat Kumar, Balahari"]
[Result "0-1"]
[WhiteElo "1856"]
[BlackElo "2063"]
[PlyCount "141"]
[EventDate "2024.12.28"]
[EventType "swiss"]
[EventRounds "9"]
[EventCountry "ENG"]
[SourceTitle "BritBase"]
[Source "John Saunders"]
[SourceDate "2025.01.10"]
[SourceVersion "1"]
[SourceVersionDate "2025.01.10"]
[SourceQuality "1"]

1. d4 b6 2. c4 Bb7 3. Nc3 e6 4. a3 d5 5. cxd5 exd5 6. Nf3 Nf6 7. Bg5 Be7 8. e3 O-O 9. Bd3 Nbd7 10. O-O h6 11. Bh4 c5 12. Rc1 a6 13. Bb1 Re8 14. Qd3 c4 15. Qc2 b5 16. Rcd1 Qb6 17. Ne5 Nf8 18. f3 a5 19. e4 b4 20. axb4 axb4 21. Ne2 Ba6 22. Rfe1 b3 23. Qd2 Bb4 24. Nc3 Bxc3 25. bxc3 Rxe5 26. Bxf6 gxf6 27. Qxh6 Rae8 28. Re3 Rg5 29. f4 Rg6 30. Qh4 f5 31. e5 Rh6 32. Rg3+ Kh8 33. Qg5 Qg6 34. Bxf5 Qxg5 35. fxg5 Rb6 36. h4 Bc8 37. Bb1 Ng6 38. Rf1 Kg8 39. h5 Nf8 40. Rf6 Rbe6 41. h6 Ng6 42. h7+ Kg7 43. Rgf3 Rxf6 44. Rxf6 Nh8 45. Rd6 Be6 46. Kf2 Ng6 47. g4 Kxh7 48. Bf5 Kg7 49. Rb6 Nh4 50. g6 Nxf5 51. gxf5 Bxf5 52. gxf7 Re6 53. Rb7 Kf8 54. Ke3 Re7 55. Rb8+ Kxf7 56. Kf4 Be6 57. Kg5 Kg7 58. Rb6 Bf7 59. Rb5 Bg6 60. Rb6 Be4 61. Rb8 Kf7 62. Rb6 Re6 63. Rb7+ Ke8 64. Kf4 Rg6 65. Rb5 Kd7 66. Rb7+ Kc6 67. Rb8 Kc7 68. Rb5 Rb6 69. Rxb6 Kxb6 70. e6 Kc7 71. Ke3 0-1